000 01581cam a2200301 i 4500
001 17192
003 DO-SdUEMH
005 20260216202732.0
007 ta
008 211105s2006 dr a|||gr|||| 000 0 spa|d
020 _a9945111620
040 _aDO-SdUEMH
_bspa
_erda
041 _aspa
082 1 4 _mRD
_aRD465
_bC117e
084 _b10-00230
100 _aCabrera, Carlos Enrique
_eaut
245 1 0 _aEspañol universitario /
_ctexto: Carlos Enrique Cabrera, Manuel García-Cartagena ; ilustración: Ruddy Núñez y José Amado Polanco
260 _c2006
264 0 1 _aSanto Domingo :
_bSantanilla,
_c2006
300 _a415 páginas :
_bilustraciones ;
_c27 cm.
336 _2rdacontent
_atexto
_btxt
337 _2rdamedia
_asin mediación
_bn
338 _2rdacarrier
_avolumen
_bnc
490 _aSantillana universitaria
505 2 _aEl discurso en acción -- Las variedades de la lengua -- La expresión verbal de la identidad social -- Registros lingüístico y situación comunicativa -- Oralidad y escritura -- Análisis de la conversación -- El discurso de la ciencia, 1 -- El discurso de la ciencia, 2 -- Discursos informativos -- El funcionamiento del texto -- El texto y el comentario de textos -- La comprensión de los textos -- Géneros orales y textos conversacionales -- Análisis de textos periodísticos -- El discurso periodístico -- El comentario de texto publicitarios -- Análisis de textos jurídico-administrativos -- Textos de interacción social -- Análisis de los ensayos -- Análisis de textos literarios.
942 _2ddc
_cBK
_n0
999 _c17192
_d17192